| 000 | 00472nam a2200169 4500 | ||
|---|---|---|---|
| 020 | _a9789348132536 | ||
| 082 |
_aM080 007 _bSHA/J |
||
| 100 | _aShaji Jacob | ||
| 245 |
_aJeevithamezhuthukal: _bvayanakal/ _cby Shaji Jacob |
||
| 260 |
_aKozhikode: _bPavanatma publishers, _c2025. |
||
| 300 | _a280p. | ||
| 650 | _aLiterature Malayalam Study | ||
| 650 | _aLiterature Malayalam Study Shaji Jacob | ||
| 650 | _aLiterature Malayalam | ||
| 650 | _aLiterature | ||
| 942 | _cBK | ||
| 999 |
_c181905 _d181905 |
||